Представление документа в формате RUSMARC

ПолеНазваниеЗначение
  Тип записи a
  Библиографический уровень m
001 Контрольный номер RU/SLIB/B/208716481
005 Дата корректировки 20201206203930.3
010 Индекс ISBN __
d Цена 2-10
101 Язык документа 0_
a Язык текста rus
200 Заглавие и сведения об ответственности 1_
a Заглавие Фармацевтический словарь: Латинско-русский. Русско-латинский
f Первые сведения об ответственности Казаченок Т. Г.
b Общее обозначение материала Текст
210 Выходные данные __
a Место издания Минск
c Издательство Вышэйш. шк.
d Дата издания 1977
215 Физическое описание __
a Объем 464 с.
606 Тематические рубрики __
a Основная рубрика Здравоохранение. Медицинские науки
606 Тематические рубрики __
a Основная рубрика Фармакология
610 Ключевые слова __
a Ключевые слова лекарственные препараты; латинский язык; фармацевтические словари
686 Индексы других классификаций __
a Классификационный индекс 52.817я22
686 Индексы других классификаций __
a Классификационный индекс 81.2Лат-4
700 Автор _1
a Фамилия Казаченок
b Имя Т. Г.
4 Код отношения 070
801 Источник записи _0
a Страна RU
b Организация Муниципальное бюджетное учреждение культуры "Централизованная библиотечная система" г. Сургут (Центральная городская библиотека им. А. С. Пушкина)
g Правила каталогизации К/Кундохова
801 Источник записи _1
a Страна RU
b Организация Муниципальное бюджетное учреждение культуры "Централизованная библиотечная система" г. Сургут (Центральная городская библиотека им. А. С. Пушкина)
g Правила каталогизации К/Кундохова
852 Данные о местонахождении __
j Шифр хранения 52.817я22
c Каталожный индекс 52.81я2; 81.2Лат-4
i Авторский знак К 14
p Инвентарный номер 77175(с)
901 Тип документа __
t Тип документа m
969 Тип издания __
a Тип издания словарь
990 Данные о заказе (DOS) __
j Количество экземпляров (DOS) 1
t N записи в КСУ для И/У (DOS) 199101